ბათუმის შოთა რუსთაველის სახელმწიფო უნივერსიტეტის ბიბლიოთეკა

Очерки по гидрографии рек СССР. (ბიბ.ჩანაწერი № 45963)

000 -LEADER
fixed length control field 00543nam a2200193Ia 4500
001 - CONTROL NUMBER
control field 12792
003 - CONTROL NUMBER IDENTIFIER
control field GE_BSU
008 - FIXED-LENGTH DATA ELEMENTS--GENERAL INFORMATION
fixed length control field 181216s||||||||xx |||||||||||||| ||und||
040 ## - CATALOGING SOURCE
Transcribing agency GE_BSU
080 ## - UNIVERSAL DECIMAL CLASSIFICATION NUMBER
Universal Decimal Classification number 556.5(47)
245 ## - TITLE STATEMENT
Title Очерки по гидрографии рек СССР.
245 ## - TITLE STATEMENT
Statement of responsibility, etc. Отв.ред.М.И.Львович
260 ## - PUBLICATION, DISTRIBUTION, ETC.
Place of publication, distribution, etc. Москва
260 ## - PUBLICATION, DISTRIBUTION, ETC.
Name of publisher, distributor, etc. Изд-во АНСССР
260 ## - PUBLICATION, DISTRIBUTION, ETC.
Date of publication, distribution, etc. 1953
300 ## - PHYSICAL DESCRIPTION
Extent 324стр.илл.20см.
653 ## - INDEX TERM--UNCONTROLLED
Uncontrolled term Очерки по гидрографии рек СССР
942 ## - ADDED ENTRY ELEMENTS (KOHA)
Koha item type წიგნი
ეგზემპლარები
Withdrawn status Lost status Damaged status Not for loan Date acquired Barcode Date last seen Price effective from Koha item type
        2018-12-17 20996 2018-12-17 2018-12-17 წიგნი